Walczyli i polegli za Polskę /
সংরক্ষণ করুন:
| প্রধান লেখক: | |
|---|---|
| সংস্থা লেখক: | |
| বিন্যাস: | গ্রন্থ |
| ভাষা: | পোলিশ |
| প্রকাশিত: |
Warszawa :
Krajowa Agencja Wydawnicza,
1977.
|
| মালা: | Miniatury Lotnicze
|
| বিষয়গুলি: | |
| ট্যাগগুলো: |
কোনো ট্যাগ নেই, প্রথমজন হিসাবে ট্যাগ করুন!
|
MARC
| LEADER | 00000nam a2200000 i 4500 | ||
|---|---|---|---|
| 001 | 991019188609705066 | ||
| 005 | 20260515140225.0 | ||
| 008 | 020807s1977 pl a |000 0 pol | ||
| 035 | |a 991019188609705066 | ||
| 035 | |a (PL-WaBN)b15197931-48omnis_nlop | ||
| 035 | |a b15197931 | ||
| 035 | |a (OCoLC)751108195 | ||
| 035 | |a xx001560835 | ||
| 035 | |a (PL)b0000001519793 | ||
| 035 | |a (EXLNZ-48OMNIS_NETWORK)9910226317305606 | ||
| 040 | |a WA N |c WA N |d WA N | ||
| 041 | 0 | |a pol | |
| 080 | |a 358.4(438+47+57):355.48:92 | ||
| 090 | |c 51 |d 50 | ||
| 100 | 1 | |a Krzemiński, Czesław |d (1929-1992) | |
| 245 | 1 | 0 | |a Walczyli i polegli za Polskę / |c Czesław Krzemiński. |
| 260 | |a Warszawa : |b Krajowa Agencja Wydawnicza, |c 1977. | ||
| 300 | |a 165, [3] s. : |b il., portr. ; |c 17 cm. | ||
| 490 | 1 | |a Miniatury Lotnicze | |
| 650 | 7 | |a Lotnicy wojskowi | |
| 650 | 7 | |a Wojna lotnicza | |
| 651 | 7 | |a ZSRR | |
| 651 | 7 | |a Polska | |
| 710 | 2 | |a Krajowa Agencja Wydawnicza (1974-2004). | |
| 830 | 0 | |a Miniatury Lotnicze | |
| 942 | |c K | ||
| 952 | |0 0 |1 0 |4 0 |6 R__29_000000000000000 |7 0 |9 49 |a RYT |b RYT |d 2026-03-17 |e 1/2026 |g 10.00 |l 0 |o R.29 |p 2000000000299 |r 2026-05-15 14:02:25 |w 2026-05-15 |y BK |z da | ||
| 999 | |c 49 |d 49 | ||